000 00637nam a2200217 a 4500
001 50243
003 BD-RjUL
005 20211209075459.0
008 160824s1987 enk||||| |||| 001 0 eng d
035 _a(BD-RjUL) 50363
040 _aBD-RjUL
_beng
_cBD-RjUL
_dBD-RjUL
041 _aeng
082 _223
_a341.7567
_bSAI 1987
100 1 0 _aSachdeva G S
_9150598
245 1 0 _aInternational transportation :
_blaw of carriage by air /
_cSachdeva G S
260 _aNew Delhi :
_bDeep & deep publications,
_cc1987
300 _a328 p. ;
_c24 cm.
500 _aInclude index
650 _a Aeronautics, Commercial
_9150599
942 _2ddc
_cBK
999 _c50243
_d50243